[Event "Xtracon Chess Open 2018"]
[Site "Elsinore"]
[Date "2018.07.21"]
[Round "1"]
[White "Keymer, Vincent"]
[Black "Christensen, Tommy"]
[Result "1-0"]
[WhiteElo "2466"]
[BlackElo "1904"]
[EventDate "2018.07.21"]
[WhiteFideId "12940690"]
[BlackFideId "1423266"]

1.d4 Nf6 2.c4 c5 3.d5 e6 4.Nc3 exd5 5.cxd5 d6 6.Nf3 g6 7.Bf4 Bg7 8.Qa4+ 
Bd7 9.Qb3 Qc7 10.e4 O-O 11.Nd2 Re8 12.Be2 a6 13.a4 Bg4 14.f3 Nh5 15.Be3 
Bc8 16.g4 Nf6 17.O-O Nbd7 18.g5 Nh5 19.f4 Bd4 20.Nc4 b5 21.axb5 Rb8 22.e5 
dxe5 23.d6 Qd8 24.Bxd4 cxd4 25.Bxh5 exf4 26.Bf3 Qxg5+ 27.Kh1 dxc3 28.Rae1 
Rxe1 29.Rxe1 axb5 30.Na5 Ne5 31.Qxc3 f6 32.Qc7 Nd7 33.Nc6 Kg7 34.Nxb8 1-0

[Event "Xtracon Chess Open 2018"]
[Site "Elsinore"]
[Date "2018.07.21"]
[Round "1"]
[White "Degerfeldt, Sven"]
[Black "Salomon, Johan"]
[Result "0-1"]
[WhiteElo "1902"]
[BlackElo "2462"]
[EventDate "2018.07.21"]
[WhiteFideId "1717430"]
[BlackFideId "1509500"]

1.d4 Nf6 2.Nf3 d5 3.c4 e6 4.e3 b6 5.cxd5 exd5 6.Bd3 Bd6 7.Nc3 Bb7 8.O-O 
O-O 9.a3 Nbd7 10.b4 a6 11.Qb3 Rb8 12.b5 axb5 13.Nxb5 Be7 14.Bb2 c6 15.Nc3 
b5 16.Qc2 Re8 17.Ne5 Nf8 18.f4 Qb6 19.Qe2 Rec8 20.Bf5 Rd8 21.Nd3 Bc8 22.
Bxc8 Rdxc8 23.Rfc1 N8d7 24.Ne5 Qd8 25.Nd1 Rb6 26.Bc3 Qf8 27.Qb2 Nxe5 28.
fxe5 Ne4 29.Nf2 Nxf2 30.Kxf2 f6 31.Kg1 fxe5 32.Rf1 Qe8 33.dxe5 Qg6 34.Rf3 
Qe6 35.Qd2 Rbb8 36.Qa2 Ra8 37.Qb3 Ra4 38.Bb2 Rca8 39.Rf4 Rc4 40.Rc1 Bg5 
41.Rfxc4 dxc4 42.Qc3 Rd8 43.Rf1 Be7 44.Qa5 h6 45.Qa7 Rd2 46.Bc1 Rc2 47.Qd4
Qg6 48.g4 Kh7 49.Bd2 Bc5 50.Qd7 c3 51.Be1 Bxe3+ 52.Bf2 Rxf2 53.Rxf2 c2 0-1

[Event "Xtracon Chess Open 2018"]
[Site "Elsinore"]
[Date "2018.07.21"]
[Round "1"]
[White "Nakar, Eylon"]
[Black "Skjoldager, Flemming"]
[Result "1-0"]
[WhiteElo "2462"]
[BlackElo "1902"]
[EventDate "2018.07.21"]
[WhiteFideId "2811111"]
[BlackFideId "1406515"]

1.e4 d5 2.exd5 Qxd5 3.Nc3 Qd6 4.d4 Nf6 5.Nb5 Qb6 6.c4 c6 7.Nc3 g6 8.Nf3 
Bg7 9.Be2 O-O 10.O-O Nbd7 11.h3 Rd8 12.Qc2 Nf8 13.Be3 Bf5 14.Qc1 Qc7 15.
Bf4 Qc8 16.Qe3 Ne6 17.Be5 Nf8 18.Rfe1 h5 19.Bf1 N8d7 20.Bf4 e6 21.Rad1 Re8
22.Bd6 b6 23.Ne5 c5 24.g3 cxd4 25.Rxd4 Nxe5 26.Bxe5 a6 27.Na4 Qc6 28.b3 
Rad8 29.Bg2 Nd5 30.Bxg7 Nxe3 31.Bxc6 Nc2 32.Bxe8 Nxd4 33.Bxd4 Rxd4 34.Nxb6
Rd2 35.c5 1-0

[Event "Xtracon Chess Open 2018"]
[Site "Elsinore"]
[Date "2018.07.21"]
[Round "1"]
[White "Rasmussen, Morten Fredsgaard"]
[Black "Mu, Ke"]
[Result "0-1"]
[WhiteElo "1901"]
[BlackElo "2455"]
[EventDate "2018.07.21"]
[WhiteFideId "1410636"]
[BlackFideId "8602778"]

1.d4 Nf6 2.Bf4 g6 3.Nd2 Bg7 4.c3 d5 5.e3 O-O 6.Ngf3 Nbd7 7.Be2 c5 8.O-O b6
9.Ne5 Bb7 10.Bf3 Re8 11.Re1 Ne4 12.Nxd7 Qxd7 13.dxc5 Nxc5 14.Nb3 Na4 15.
Qd2 e5 16.Bg3 Rad8 17.Rad1 Qe7 18.Qc2 b5 19.Rd2 f5 20.Red1 f4 21.exf4 exf4
22.Re2 Qf6 23.Bxd5+ Bxd5 24.Rxd5 fxg3 25.Rxb5 Rxe2 26.Qxe2 Qxf2+ 0-1

[Event "Xtracon Chess Open 2018"]
[Site "Elsinore"]
[Date "2018.07.21"]
[Round "1"]
[White "Antonsen, Mikkel"]
[Black "Shehzad, Shazil"]
[Result "1-0"]
[WhiteElo "2452"]
[BlackElo "1896"]
[EventDate "2018.07.21"]
[WhiteFideId "1401378"]
[BlackFideId "1521942"]

1.d4 Nf6 2.c4 e6 3.Nc3 Bb4 4.Qc2 d5 5.cxd5 exd5 6.Bf4 O-O 7.e3 c5 8.dxc5 
Qa5 9.Bd3 Nbd7 10.Ne2 Nxc5 11.O-O Nxd3 12.Qxd3 Bxc3 13.Nxc3 b6 14.Rfd1 Ba6
15.Qd4 Qc5 16.Qxc5 bxc5 17.Nxd5 Nxd5 18.Rxd5 c4 19.f3 Bc8 20.Rad1 Be6 21.
Ra5 h6 22.Be5 Rfc8 23.Rd6 Re8 24.Bc3 Re7 25.Kf2 Rd7 26.Rxd7 Bxd7 27.e4 a6 
28.Rd5 Be6 29.Rd6 a5 30.Ke3 Kf8 31.f4 Ke7 32.Rb6 g6 33.a3 Ra7 34.Rb5 a4 
35.Bd4 Ra8 36.f5 gxf5 37.exf5 Bd7 38.Rb7 Kd6 39.Kf4 Ra5 40.g4 Rb5 41.Rxb5 
Bxb5 42.Bg7 Ke7 43.Bxh6 f6 44.h4 Kf7 45.g5 fxg5+ 46.hxg5 Bd7 47.g6+ Kf6 
48.Bg5+ Kg7 49.Be7 Kh6 50.Bf8+ 1-0

[Event "Xtracon Chess Open 2018"]
[Site "Elsinore"]
[Date "2018.07.21"]
[Round "1"]
[White "Unneland, Mathias"]
[Black "Korley, Kassa"]
[Result "0-1"]
[WhiteElo "1896"]
[BlackElo "2443"]
[EventDate "2018.07.21"]
[WhiteFideId "1525581"]
[BlackFideId "2033801"]

1.d4 d5 2.c4 e6 3.Nc3 a6 4.cxd5 exd5 5.Bf4 Nf6 6.e3 Bd6 7.Bxd6 Qxd6 8.Bd3 
O-O 9.Nge2 Re8 10.h3 b6 11.O-O c5 12.b3 Bb7 13.Qd2 Nbd7 14.Rac1 Rac8 15.
Ng3 g6 16.Rfd1 c4 17.Be2 b5 18.Nb1 h5 19.bxc4 dxc4 20.Bf3 Bxf3 21.gxf3 b4 
22.e4 c3 23.Nxc3 bxc3 24.Rxc3 Rxc3 25.Qxc3 h4 26.Ne2 Nh5 27.Qd2 Nf8 28.Qg5
Qe6 29.Qxh4 Qxa2 30.Re1 Qd2 31.Kf1 Ne6 32.d5 Nef4 33.Qg5 Qd3 0-1

[Event "Xtracon Chess Open 2018"]
[Site "Elsinore"]
[Date "2018.07.21"]
[Round "1"]
[White "Rasmussen, Jonas H"]
[Black "Bjerre, Jonas Buhl"]
[Result "1/2-1/2"]
[WhiteElo "1892"]
[BlackElo "2436"]
[EventDate "2018.07.21"]
[WhiteFideId "1511637"]
[BlackFideId "1444948"]

1.d4 Nf6 2.Nf3 e6 3.g3 b5 4.Bg2 Bb7 5.O-O Be7 6.a4 b4 7.c4 bxc3 8.Nxc3 O-O
9.Re1 d5 10.Ne5 Nbd7 11.Nxd7 Nxd7 12.e4 dxe4 13.Bxe4 Bxe4 14.Nxe4 Nf6 15.
Nxf6+ Bxf6 16.Be3 Rb8 17.Rb1 Qd5 18.Qc2 Rb7 19.Qc5 Qb3 20.a5 Rc8 21.Qc3 
Qd5 22.Qc5 Qd7 23.b4 a6 24.Rec1 c6 25.Qc4 Rb5 26.Qc3 Qd5 27.Qc4 Kf8 28.
Qxd5 exd5 29.Rc2 Ke8 30.Kf1 Kd7 31.Ke2 Bd8 32.Rc5 Rcb8 33.Bd2 Bxa5 34.Rxb5
Rxb5 35.Ra1 Bxb4 36.Rxa6 Bxd2 37.Ra7+ Ke6 38.Kxd2 Rb2+ 39.Ke3 Rc2 40.Rc7 
h5 41.h3 g5 42.Rc8 h4 43.gxh4 gxh4 44.f3 Kf5 45.Rh8 Rc3+ 46.Ke2 Kg5 47.
Rg8+ Kf5 48.Rh8 Kg6 49.Rxh4 f5 50.Rh8 Kg5 51.h4+ Kf4 52.h5 Rc2+ 53.Kd3 Rh2
54.h6 Kxf3 55.h7 f4 56.Kc3 Kf2 57.Rf8 Rxh7 58.Rxf4+ Ke3 59.Rf6 Rh4 60.Re6+
Re4 61.Rh6 Rf4 62.Re6+ Re4 63.Rh6 c5 64.Rh3+ Ke2 65.Rh2+ Kf3 66.dxc5 Ke3 
67.Rh3+ Ke2 1/2-1/2

[Event "Xtracon Chess Open 2018"]
[Site "Elsinore"]
[Date "2018.07.21"]
[Round "1"]
[White "Ni, Shiqun"]
[Black "Moller, Arne Vang"]
[Result "1-0"]
[WhiteElo "2435"]
[BlackElo "1890"]
[EventDate "2018.07.21"]
[WhiteFideId "8608466"]
[BlackFideId "1406175"]

1.e4 c5 2.Nf3 d6 3.Bb5+ Bd7 4.Bd3 g6 5.c3 Bg7 6.O-O Nc6 7.Bc2 Nf6 8.h3 O-O
9.Re1 Qc7 10.d4 cxd4 11.cxd4 Nb4 12.Bb3 a5 13.a3 Na6 14.e5 dxe5 15.dxe5 
Ne8 16.Nc3 e6 17.Bg5 Bc6 18.Rc1 Rc8 19.Qe2 Qb6 20.Nd2 Nec7 21.Be3 Nc5 22.
Nce4 Qxb3 23.Nxb3 Nxb3 24.Rc3 a4 25.Bg5 Nd5 26.Nf6+ Kh8 27.Qg4 1-0

[Event "Xtracon Chess Open 2018"]
[Site "Elsinore"]
[Date "2018.07.21"]
[Round "1"]
[White "Brink, Nienke van den"]
[Black "Vestby-Ellingsen, Mads"]
[Result "0-1"]
[WhiteElo "1889"]
[BlackElo "2429"]
[EventDate "2018.07.21"]
[WhiteFideId "1452568"]
[BlackFideId "1520857"]

1.e4 c5 2.Nf3 e6 3.d4 cxd4 4.Nxd4 Nc6 5.Be3 a6 6.Nc3 Qc7 7.Qd2 Nf6 8.f3 
Be7 9.O-O-O b5 10.Kb1 h5 11.Nb3 Ne5 12.Bf4 O-O 13.Qe1 d6 14.Bd3 Bd7 15.Nd4
Nxd3 16.Rxd3 e5 17.Nd5 Nxd5 0-1

[Event "Xtracon Chess Open 2018"]
[Site "Elsinore"]
[Date "2018.07.21"]
[Round "1"]
[White "Hilby, Craig"]
[Black "Myrheim, Hakon Abeland"]
[Result "1-0"]
[WhiteElo "2426"]
[BlackElo "1888"]
[EventDate "2018.07.21"]
[WhiteFideId "2062674"]
[BlackFideId "1526820"]

1.d4 Nf6 2.c4 c5 3.d5 b5 4.cxb5 a6 5.bxa6 g6 6.Nc3 Bg7 7.Nf3 O-O 8.e4 Qa5 
9.Nd2 Bxa6 10.Be2 e6 11.O-O Bxe2 12.Qxe2 exd5 13.exd5 Re8 14.Qf3 Ra6 15.a4
Qb4 16.h3 d6 17.Nb5 Rxa4 18.Rxa4 Qxa4 19.Nxd6 Re7 20.N2c4 Nbd7 21.Bf4 Qa8 
22.Rd1 Nh5 23.Bg5 f6 24.Bh4 Bh6 25.Nf5 gxf5 26.Qxh5 Qa4 27.Nd6 Bf4 28.Nxf5
Re5 29.Qg4+ Kf8 30.Rf1 Re4 31.Qg7+ Ke8 32.Qg8+ Nf8 33.Bxf6 1-0

[Event "Xtracon Chess Open 2018"]
[Site "Elsinore"]
[Date "2018.07.21"]
[Round "1"]
[White "Smeby, Ole"]
[Black "Carlstedt, Jonathan"]
[Result "1/2-1/2"]
[WhiteElo "1887"]
[BlackElo "2425"]
[EventDate "2018.07.21"]
[WhiteFideId "1503677"]
[BlackFideId "24614386"]

1.d4 d6 2.c4 e5 3.dxe5 dxe5 4.Qxd8+ Kxd8 5.e4 Nc6 6.Bd2 Nd4 7.Bd3 Nf6 8.
Nc3 Be6 9.Nd5 Nd7 10.Ne2 Nc5 11.Bb1 c6 12.Ne3 Kc7 13.Bc3 Rd8 14.b4 Na4 15.
Bd2 Nxe2 16.Kxe2 Rxd2+ 17.Kxd2 Bxb4+ 18.Ke2 Bc3 19.Bc2 Bxa1 20.Rxa1 Nc5 
21.Rd1 a5 22.a4 Ra8 23.f3 Ra6 24.Rb1 Rb6 25.Rxb6 Kxb6 26.Kd2 Nd7 27.Kc3 
Kc5 28.Bd1 Nb6 29.Bb3 h5 30.h4 f6 31.Nf5 g6 32.Ng7 Bf7 33.g4 Nc8 34.gxh5 
gxh5 35.Nf5 Bg6 36.Nh6 Nd6 37.Ng8 Ne8 38.Nh6 Bh7 39.Ba2 Nd6 40.Bb3 b5 41.
cxb5 cxb5 42.axb5 Nxb5+ 43.Kd3 Bg6 44.Ng8 Nd4 45.Bd1 f5 46.Ne7 fxe4+ 47.
fxe4 Bf7 48.Kc3 Nb5+ 49.Kd3 Nd6 50.Nd5 Nc4 51.Kc3 Nd6 52.Nf6 Nb5+ 53.Kb2 
Kd4 54.Bxh5 Bxh5 55.Nxh5 Kxe4 56.Kb3 Kf3 57.Nf6 Kf4 58.Ka4 Nd6 59.Kxa5 Kf5
60.Nd5 Kg4 61.Kb4 Kxh4 62.Kc5 Ne4+ 63.Kc4 Kg3 64.Ne3 Nf6 65.Kd3 Kf3 66.Nc4
e4+ 67.Kd4 Kf4 68.Ne3 Kg3 69.Nc4 Kf4 70.Ne3 Kf3 71.Nf5 Ng4 72.Nh4+ Kf4 73.
Ng2+ Kg3 74.Kxe4 1/2-1/2

[Event "Xtracon Chess Open 2018"]
[Site "Elsinore"]
[Date "2018.07.21"]
[Round "1"]
[White "Raghunandan, Kaumandur Srihari"]
[Black "Christensen, Verner"]
[Result "1-0"]
[WhiteElo "2417"]
[BlackElo "1886"]
[EventDate "2018.07.21"]
[WhiteFideId "25004964"]
[BlackFideId "1416006"]

1.d4 f5 2.Bg5 Nf6 3.Bxf6 exf6 4.e3 d5 5.c4 Bb4+ 6.Nc3 Bxc3+ 7.bxc3 O-O 8.
Qb3 dxc4 9.Bxc4+ Kh8 10.Ne2 Nc6 11.Qc2 Qd6 12.O-O Bd7 13.Rab1 b6 14.Bd3 g6
15.Ng3 Rae8 16.Rfe1 Rf7 17.f3 Qf8 18.e4 Rfe7 19.Qd2 fxe4 20.fxe4 Qg7 21.
Rf1 Rf8 22.Rf2 Nd8 23.Rbf1 c6 24.Qf4 Nb7 25.Ba6 Be8 26.e5 f5 27.Bxb7 Rxb7 
28.Ne4 Re7 29.Nd6 Bf7 30.h4 Be6 31.g4 Rd7 32.Kh2 Qe7 33.gxf5 Bxf5 34.h5 
Rdd8 35.hxg6 Bxg6 36.Qxf8+ Rxf8 37.Rxf8+ Kg7 38.R8f7+ 1-0

[Event "Xtracon Chess Open 2018"]
[Site "Elsinore"]
[Date "2018.07.21"]
[Round "1"]
[White "Fjallheim, Leif Reinert"]
[Black "Jepson, Christian"]
[Result "0-1"]
[WhiteElo "1886"]
[BlackElo "2410"]
[EventDate "2018.07.21"]
[WhiteFideId "7201788"]
[BlackFideId "1701185"]

1.e4 e5 2.Nf3 Nc6 3.Bb5 a6 4.Ba4 Nf6 5.d3 d6 6.c3 Bd7 7.O-O g6 8.Re1 Bg7 
9.Nbd2 O-O 10.Nf1 h6 11.Ng3 Nh7 12.h3 Kh8 13.Bc2 Ng5 14.Nxg5 hxg5 15.Qd2 
g4 16.hxg4 Bxg4 17.f3 Be6 18.Kf2 Kg8 19.Rh1 Qe7 20.Qe2 Rfe8 21.Bh6 Bxh6 
22.Rxh6 Qg5 23.Rah1 Kf8 24.Bb3 Bxb3 25.axb3 Ne7 26.Nf1 Ng8 27.R6h3 Nf6 28.
Ne3 Ke7 29.c4 c6 30.Qd2 Kd7 31.Qb4 Kc7 32.c5 dxc5 33.Qxc5 Rad8 34.Qa5+ Kb8
35.Rd1 Nh5 36.Qc3 Nf4 37.Rh7 Rd7 38.Ng4 Qe7 39.d4 Qd8 40.d5 Qe7 41.g3 Nh5 
42.d6 Qe6 43.Qc4 Nf6 44.Qxe6 Rxe6 45.Nxf6 Rxf6 46.Ke3 c5 47.f4 exf4+ 48.
gxf4 Rfxd6 49.Rxd6 Rxd6 50.Rxf7 Rb6 51.e5 Rxb3+ 52.Ke4 Rxb2 53.e6 Re2+ 54.
Kd5 c4 55.Kxc4 Rxe6 56.f5 gxf5 57.Rxf5 Rb6 58.Ra5 Rb1 59.Kc3 Ka7 60.Kc2 
Rb5 61.Rxb5 axb5 62.Kb2 Kb6 63.Kb3 Kc5 64.Kc3 b4+ 65.Kb3 Kb5 66.Kb2 Kc4 
67.Kc2 b3+ 68.Kb2 Kb4 69.Kb1 Ka3 70.Ka1 b2+ 71.Kb1 b6 72.Kc2 Ka2 0-1

[Event "Xtracon Chess Open 2018"]
[Site "Elsinore"]
[Date "2018.07.21"]
[Round "1"]
[White "Hansen, Verner"]
[Black "Akesson, Ralf"]
[Result "0-1"]
[WhiteElo "1876"]
[BlackElo "2397"]
[EventDate "2018.07.21"]
[WhiteFideId "1425285"]
[BlackFideId "1700120"]

1.e4 c6 2.d4 d5 3.Nc3 dxe4 4.Nxe4 Bf5 5.Ng3 Bg6 6.Nf3 Nd7 7.Bf4 Ngf6 8.c4 
e6 9.Qd2 a5 10.a3 a4 11.Bd3 Be7 12.O-O Qa5 13.Bxg6 hxg6 14.Qxa5 Rxa5 15.
Bd2 Ra6 16.Rfe1 O-O 17.Ne5 Rd8 18.Bc3 b5 19.Rad1 bxc4 20.Nxc4 Nd5 21.Ne4 
Rb8 22.Bd2 Rb5 23.Rc1 Bf6 24.Nxf6+ gxf6 25.Rc2 Rb3 26.Rec1 Rd3 27.Be3 Nxe3
28.fxe3 c5 29.Rc3 Rxc3 30.bxc3 Kf8 31.Kf2 Rc6 32.Nd2 Ke7 33.Ke2 Rb6 34.Rb1
Rxb1 35.Nxb1 Kd6 36.c4 f5 37.g3 e5 38.Nc3 Nb6 39.Nb5+ Kc6 40.d5+ Kd7 41.
Nc3 Nxc4 42.Nxa4 Kd6 43.Nc3 Nxa3 44.e4 fxe4 45.g4 f5 46.gxf5 gxf5 47.h4 
Nc2 48.h5 Nd4+ 49.Ke3 Ke7 50.h6 Kf7 51.Nxe4 fxe4 52.Kxe4 Nb5 53.Kxe5 c4 
54.d6 Nxd6 0-1

[Event "Xtracon Chess Open 2018"]
[Site "Elsinore"]
[Date "2018.07.21"]
[Round "1"]
[White "Lindgren, Philip"]
[Black "Oland, Arne"]
[Result "1-0"]
[WhiteElo "2394"]
[BlackElo "1875"]
[EventDate "2018.07.21"]
[WhiteFideId "1713230"]
[BlackFideId "1422081"]

1.d4 e6 2.c4 f5 3.Nf3 Nf6 4.g3 b6 5.Bg2 Bb7 6.O-O Be7 7.d5 O-O 8.Nd4 c5 9.
Nc2 exd5 10.Ne3 Na6 11.Nxf5 d6 12.Nc3 Qd7 13.Nxd5 Bxd5 14.Bxd5+ Nxd5 15.
Qxd5+ Kh8 16.e4 Nb4 17.Qd1 Rad8 18.Bf4 Qe6 19.a3 Na6 20.Qd5 Qxd5 21.cxd5 
g5 22.Bd2 Bf6 23.Bc3 Nc7 24.Bxf6+ Rxf6 25.Rad1 Re8 26.Rfe1 g4 27.h3 gxh3 
28.Kh2 b5 29.Kxh3 a5 30.g4 Kg8 31.g5 Rg6 32.f4 b4 33.a4 Kf7 34.Kg4 c4 35.
Rd4 c3 36.bxc3 bxc3 37.Rc1 Na6 38.Rxc3 Nc5 39.Nxd6+ 1-0

[Event "Xtracon Chess Open 2018"]
[Site "Elsinore"]
[Date "2018.07.21"]
[Round "1"]
[White "Arndt, Uwe"]
[Black "Percivaldi, Martin"]
[Result "0-1"]
[WhiteElo "1873"]
[BlackElo "2393"]
[EventDate "2018.07.21"]
[WhiteFideId "24647713"]
[BlackFideId "1508148"]

1.d4 e6 2.c4 Nf6 3.Nf3 d5 4.Nc3 c6 5.Bg5 h6 6.Bh4 dxc4 7.e4 g5 8.Bg3 b5 9.
e5 Nd5 10.Ne4 Bb4+ 11.Nfd2 c3 12.bxc3 Nxc3 13.Nf6+ Qxf6 14.exf6 Nxd1 15.
Kxd1 Bxd2 16.Kxd2 Nd7 17.a4 b4 18.a5 Nxf6 19.Be5 Ke7 20.h4 Rd8 21.hxg5 
hxg5 22.f3 c5 23.Rh6 Ne8 24.Bd3 Bb7 25.Ke3 Rac8 26.Rb1 Rd7 27.dxc5 Rxc5 
28.Bb8 Rc3 0-1

[Event "Xtracon Chess Open 2018"]
[Site "Elsinore"]
[Date "2018.07.21"]
[Round "1"]
[White "Hoi, Carsten"]
[Black "Nordin, Eric"]
[Result "1-0"]
[WhiteElo "2389"]
[BlackElo "1872"]
[EventDate "2018.07.21"]
[WhiteFideId "1400100"]
[BlackFideId "1711822"]

1.d4 d6 2.Nf3 g6 3.c4 Bg7 4.Nc3 Nd7 5.e4 e5 6.Bg5 Ne7 7.d5 O-O 8.Qd2 f5 9.
exf5 gxf5 10.Bh6 Ng6 11.Bxg7 Kxg7 12.O-O-O Nc5 13.h4 e4 14.h5 Ne5 15.Nxe5 
dxe5 16.h6+ Kh8 17.f4 Qf6 18.Nb5 Bd7 19.Nxc7 Rac8 20.d6 exf4 21.Qxf4 Rg8 
22.Qf2 Ba4 23.Rd5 Qg5+ 24.Qd2 Qxd2+ 25.Kxd2 b6 26.b4 e3+ 27.Kxe3 Ne4 28.
Bd3 Rg3+ 29.Kf4 Rcg8 30.Bxe4 fxe4 31.d7 R8g4+ 32.Ke5 Rg5+ 33.Kd6 Rxd5+ 34.
Nxd5 Bxd7 35.Kxd7 Rd3 36.Rf1 1-0

[Event "Xtracon Chess Open 2018"]
[Site "Elsinore"]
[Date "2018.07.21"]
[Round "1"]
[White "Rasmussen, Henrik Egede"]
[Black "Hagen, Andreas Skytte"]
[Result "0-1"]
[WhiteElo "1871"]
[BlackElo "2383"]
[EventDate "2018.07.21"]
[WhiteFideId "1417800"]
[BlackFideId "1407341"]

1.e4 c5 2.Nc3 d6 3.Bb5+ Bd7 4.Bxd7+ Qxd7 5.f4 Nc6 6.Nf3 g6 7.d3 Bg7 8.O-O 
Nf6 9.a3 O-O 10.Qe1 Nd4 11.Nxd4 cxd4 12.Ne2 Qa4 13.b3 Qc6 14.Ra2 Qb6 15.
Kh1 Rac8 16.f5 Rc7 17.fxg6 hxg6 18.Nf4 e5 19.Nh3 d5 20.Ng5 dxe4 21.Qh4 
Rfc8 22.Nxe4 Rxc2 23.Rxc2 Rxc2 24.Nxf6+ Bxf6 25.Bg5 Qc6 26.Qg4 Bg7 27.h3 
Rc3 28.h4 Rxd3 29.Rc1 Rc3 30.Rxc3 dxc3 31.Bc1 e4 32.h5 gxh5 33.Qxh5 Qe6 
34.Qg5 Qd6 35.Qg4 b5 36.Qc8+ Kh7 37.Qf5+ Qg6 38.Qh3+ Bh6 39.Qxc3 Qh5+ 40.
Kg1 Qd1+ 0-1

[Event "Xtracon Chess Open 2018"]
[Site "Elsinore"]
[Date "2018.07.21"]
[Round "1"]
[White "Sawatzki, Frank"]
[Black "Skaale, Janus"]
[Result "1-0"]
[WhiteElo "2380"]
[BlackElo "1867"]
[EventDate "2018.07.21"]
[WhiteFideId "4613600"]
[BlackFideId "7201575"]

1.e4 c5 2.Nf3 d6 3.d4 cxd4 4.Nxd4 Nf6 5.Nc3 g6 6.Be2 Bg7 7.O-O O-O 8.Re1 
Nc6 9.Nb3 Bd7 10.Bf1 Rc8 11.Nd5 Nxd5 12.exd5 Ne5 13.a4 Re8 14.c3 Qc7 15.h3
Nc4 16.Re4 Na5 17.Nxa5 Qxa5 18.Be3 Bf5 19.Rb4 Qc7 20.Bxa7 Ra8 21.Bb6 Qb8 
22.Bb5 Rf8 23.a5 g5 24.a6 Bg6 25.a7 Qc8 26.g4 e6 27.Rc4 1-0

[Event "Xtracon Chess Open 2018"]
[Site "Elsinore"]
[Date "2018.07.21"]
[Round "1"]
[White "Naesborg, Jens-Ole"]
[Black "Aabling-Thomsen, Jakob"]
[Result "0-1"]
[WhiteElo "1866"]
[BlackElo "2379"]
[EventDate "2018.07.21"]
[WhiteFideId "1443577"]
[BlackFideId "1407589"]

1.f4 d5 2.Nf3 Nf6 3.g3 Nc6 4.Bg2 Bg4 5.Ne5 Nxe5 6.fxe5 Ne4 7.d3 Nc5 8.h3 
Bh5 9.Nc3 e6 10.d4 Nd7 11.Qd2 c5 12.e3 Be7 13.O-O O-O 14.Ne2 Qb6 15.Nf4 
Bg6 16.Kh1 Be4 17.Bxe4 dxe4 18.Qg2 cxd4 19.Qxe4 Nc5 20.Qf3 Rad8 21.exd4 
Rxd4 22.Be3 Rc4 23.Qe2 Qc6+ 24.Kh2 Nd7 25.c3 Re4 26.Qf2 Rxe5 27.Bd4 Rf5 
28.g4 Rxf4 29.Qd2 Rxf1 30.Rxf1 Qd6+ 0-1

[Event "Xtracon Chess Open 2018"]
[Site "Elsinore"]
[Date "2018.07.21"]
[Round "1"]
[White "Haubro, Martin"]
[Black "Sandberg, Martin"]
[Result "1-0"]
[WhiteElo "2373"]
[BlackElo "1865"]
[EventDate "2018.07.21"]
[WhiteFideId "1414291"]
[BlackFideId "1707159"]

1.e4 e5 2.Nf3 Nc6 3.Bb5 a6 4.Ba4 Nf6 5.O-O Be7 6.Re1 b5 7.Bb3 O-O 8.h3 d6 
9.c3 Nd7 10.d4 Bf6 11.a4 Bb7 12.d5 Ne7 13.Bc2 Nc5 14.axb5 axb5 15.Rxa8 
Bxa8 16.b4 Na6 17.Nbd2 Qd7 18.Nf1 c6 19.dxc6 Bxc6 20.Ne3 g6 21.Ng4 Bg7 22.
Nh6+ Kh8 23.Bb3 Ng8 24.Nxg8 Kxg8 25.Qd3 h6 26.Nh2 Qe7 27.Rd1 Rd8 28.Qe3 
Qb7 29.Ng4 Bxe4 30.Nxh6+ Bxh6 31.Qxh6 Qe7 32.Bg5 1-0

[Event "Xtracon Chess Open 2018"]
[Site "Elsinore"]
[Date "2018.07.21"]
[Round "1"]
[White "Roy, Prantik"]
[Black "Lunde, Sigmund"]
[Result "1-0"]
[WhiteElo "2347"]
[BlackElo "1863"]
[EventDate "2018.07.21"]
[WhiteFideId "5035120"]
[BlackFideId "1511351"]

1.d4 d5 2.c4 c6 3.Nf3 Nf6 4.Nc3 g6 5.e3 Bg7 6.Bd3 O-O 7.O-O Nbd7 8.cxd5 
Nxd5 9.e4 Nxc3 10.bxc3 e5 11.Be3 h6 12.Rc1 Re8 13.Qd2 Kh7 14.Bc4 Qe7 15.
Nxe5 Nxe5 16.dxe5 Bxe5 17.f4 Bc7 18.f5 g5 19.Rce1 f6 20.Qd1 Bd7 21.Qh5 Qg7
22.h4 Rxe4 23.hxg5 Rxe3 24.Rxe3 Bb6 25.g6+ Kh8 26.Rf3 Re8 27.Qh3 Rxe3 28.
Rxe3 Qf8 29.Be6 Bxe6 30.fxe6 f5 31.Kf1 Bxe3 32.Qxe3 Kg7 33.e7 Qe8 34.Qe6 
f4 35.Kf2 c5 36.Kf3 1-0

[Event "Xtracon Chess Open 2018"]
[Site "Elsinore"]
[Date "2018.07.21"]
[Round "1"]
[White "Hjornevik, Knut J"]
[Black "Pantzar, Milton"]
[Result "0-1"]
[WhiteElo "1860"]
[BlackElo "2333"]
[EventDate "2018.07.21"]
[WhiteFideId "1505157"]
[BlackFideId "1721003"]

1.d4 Nf6 2.c4 b6 3.Nc3 Bb7 4.Nf3 e6 5.Bg5 Be7 6.Rc1 c5 7.e3 O-O 8.dxc5 
bxc5 9.Be2 h6 10.Bf4 d6 11.h3 Ne4 12.Nxe4 Bxe4 13.O-O Qb6 14.Nd2 Bc6 15.
Qb3 Nd7 16.Qxb6 axb6 17.a3 Nf6 18.Bf3 Bxf3 19.Nxf3 b5 20.Rfd1 Ne4 21.Nd2 
Nxd2 22.Rxd2 bxc4 23.Rxc4 d5 24.Rcc2 f6 25.Bg3 Rfc8 26.Kf1 c4 27.e4 dxe4 
28.Rd4 c3 29.Rxc3 Rxc3 30.bxc3 f5 31.a4 Bf6 32.Rc4 e5 33.f4 exf4 34.Bxf4 
Kf7 35.Ke2 Ke6 36.Be3 Ra6 37.g4 g6 38.gxf5+ gxf5 39.Rb4 Bxc3 40.Rb6+ Rxb6 
41.Bxb6 Kd5 42.a5 Kc6 43.Ke3 Be5 44.Bd8 Kd5 45.Bb6 f4+ 46.Ke2 Kc6 47.h4 h5
48.Bf2 Kb5 49.Be1 Bc7 50.Bd2 f3+ 51.Ke3 Bf4+ 0-1

[Event "Xtracon Chess Open 2018"]
[Site "Elsinore"]
[Date "2018.07.21"]
[Round "1"]
[White "Chittka, Julius"]
[Black "Berg, Margar M."]
[Result "1-0"]
[WhiteElo "2333"]
[BlackElo "1859"]
[EventDate "2018.07.21"]
[WhiteFideId "12954772"]
[BlackFideId "7200021"]

1.d4 d5 2.c4 e6 3.Nc3 Nf6 4.cxd5 exd5 5.Bg5 Nbd7 6.e3 Be7 7.Bd3 O-O 8.Nge2
Re8 9.O-O c6 10.f3 Bd6 11.Qd2 Bxh2+ 12.Kxh2 Ng4+ 13.fxg4 Qxg5 14.Nf4 Nf6 
15.Kg1 Nxg4 16.Rf3 b6 17.Raf1 Re7 18.e4 Bb7 19.Qc2 h6 20.Qd1 dxe4 21.Nxe4 
Qa5 22.Rg3 f5 23.Qb3+ Kh7 24.Nd6 Rf8 25.Rxg4 1-0

[Event "Xtracon Chess Open 2018"]
[Site "Elsinore"]
[Date "2018.07.21"]
[Round "1"]
[White "Pettersen, Johan"]
[Black "Nielsen, Viktor Haarmark"]
[Result "1-0"]
[WhiteElo "1858"]
[BlackElo "2332"]
[EventDate "2018.07.21"]
[WhiteFideId "1522183"]
[BlackFideId "1444492"]

1.d4 d5 2.c4 e6 3.Nf3 Nf6 4.Nc3 Bb4 5.e3 O-O 6.Bd2 c5 7.a3 Bxc3 8.Bxc3 Ne4
9.Rc1 Nxc3 10.Rxc3 cxd4 11.exd4 dxc4 12.Bxc4 Nd7 13.O-O Nf6 14.Ne5 Qd6 15.
Rg3 Ne4 16.Rh3 f5 17.Qh5 h6 18.Rd1 Bd7 19.Nxd7 Qxd7 20.d5 e5 21.d6+ Kh7 
22.Rhd3 Rad8 23.Qe2 Rf6 24.Bd5 Nc5 25.Rc3 b6 26.Qxe5 Rxd6 27.Rg3 Kh8 28.b4
Ne4 29.Rgd3 Re8 30.Qa1 Rd8 31.Bxe4 1-0

[Event "Xtracon Chess Open 2018"]
[Site "Elsinore"]
[Date "2018.07.21"]
[Round "1"]
[White "Taylor, Adam C"]
[Black "Kopperberg, Steen"]
[Result "1-0"]
[WhiteElo "2326"]
[BlackElo "1856"]
[EventDate "2018.07.21"]
[WhiteFideId "424668"]
[BlackFideId "1433768"]

1.d4 d5 2.c4 c6 3.Nf3 Nf6 4.Qc2 dxc4 5.Qxc4 Bf5 6.Nc3 e6 7.Nh4 Bg6 8.Nxg6 
hxg6 9.e4 Nbd7 10.Be2 Nb6 11.Qd3 Be7 12.Be3 O-O 13.O-O Rc8 14.Rad1 a6 15.
Qc2 Qc7 16.g3 Nfd7 17.Rfe1 c5 18.d5 exd5 19.exd5 Nf6 20.Bg5 Bd6 21.Kg2 
Nbd7 22.a4 Rce8 23.h4 Nh7 24.Bc1 Ndf6 25.Bf3 Rxe1 26.Rxe1 Qd7 27.Qb3 Rc8 
28.Re2 c4 29.Qd1 Re8 30.Rxe8+ Qxe8 31.Qd4 b5 32.axb5 axb5 33.Qb6 b4 34.
Qxd6 bxc3 35.bxc3 Ne4 36.Qc6 Qe5 37.Qa8+ Nf8 38.Ba3 1-0

[Event "Xtracon Chess Open 2018"]
[Site "Elsinore"]
[Date "2018.07.21"]
[Round "1"]
[White "Pedersen, Lars Wisler"]
[Black "Dauth, Benjamin"]
[Result "0-1"]
[WhiteElo "1856"]
[BlackElo "2325"]
[EventDate "2018.07.21"]
[WhiteFideId "1417045"]
[BlackFideId "4688104"]

1.e4 e5 2.Nf3 Nc6 3.d4 exd4 4.Nxd4 Qh4 5.Nc3 Bb4 6.Be2 Nge7 7.Nb5 Ba5 8.
O-O a6 9.g3 Qf6 10.Nd5 Nxd5 11.exd5 axb5 12.dxc6 dxc6 13.Bd3 Bh3 14.Qe2+ 
Kf8 15.Rd1 h5 16.c3 Bg4 17.Qc2 h4 18.Be2 hxg3 19.fxg3 Bb6+ 20.Kh1 Qf2 21.
h4 Qxg3 22.Bg5 Qh3# 0-1

[Event "Xtracon Chess Open 2018"]
[Site "Elsinore"]
[Date "2018.07.21"]
[Round "1"]
[White "Berg, Klaus"]
[Black "Amin, Idris"]
[Result "1-0"]
[WhiteElo "2322"]
[BlackElo "1855"]
[EventDate "2018.07.21"]
[WhiteFideId "1400053"]
[BlackFideId "1746022"]

1.d4 d6 2.e4 g6 3.Nc3 Bg7 4.f4 Nd7 5.Nf3 c5 6.Be3 Qa5 7.Qd2 Ngf6 8.e5 Ng4 
9.Nd5 Qd8 10.Bg1 dxe5 11.dxe5 Nb6 12.O-O-O Be6 13.Bb5+ Kf8 14.Nc3 Qxd2+ 
15.Rxd2 Bh6 16.g3 Bg7 17.Bxc5 f6 18.Re1 fxe5 19.h3 Nh6 20.Ng5 Bf7 21.fxe5 
Rc8 22.Bxb6 axb6 23.g4 Be8 24.Rf2+ Kg8 25.Nd5 Bf8 26.Bxe8 Rxe8 27.Nxb6 
Nxg4 28.Rxf8+ Rxf8 29.hxg4 Rf4 30.Rd1 Rf8 31.Rd7 h6 32.Ne4 Rf1+ 33.Kd2 Kf7
34.c4 Re8 35.Nd6+ Ke6 36.Nxe8 Rf2+ 37.Kc3 Rf3+ 38.Kb4 Rf4 39.Rxe7+ Kxe7 
40.Nd5+ Kxe8 41.Nxf4 h5 42.gxh5 g5 43.Ne2 1-0